Suurin T:llä alkava kaupunki - Statistics

Yleistilastot
  • Tätä visaa on pelattu 143 kertaa
  • Keskiarvotulos 12 / 19
Vastaustilastot
Maa T-kaupunki % Oikein
Suomi Tampere
97%
Viro Tallinna
95%
Ruotsi Tukholma
88%
Kanada Toronto
87%
Iran Teheran
86%
Albania Tirana
82%
Italia Torino
80%
Georgia Tbilisi
73%
Israel Tel Aviv
67%
Ranska Toulouse
65%
Bhutan Thimphu
62%
Kreikka Thessaloniki
60%
Meksiko Tijuana
55%
Uzbekistan Tashkent
54%
Mali Timbuktu
51%
Kiina Tianjin
50%
Marokko Tanger
45%
Yhdysvallat Tucson
38%
Brasilia Teresina
14%
Ehtoja vastaavia visoja ei löytynyt
Tulosjakauma
Jokaisen tuloksen saaneiden osuus
Persentiili vastausten määrän mukaan
Tuloshistoriasi
Et ole pelannut tätä visaa